000
00332nam a2200133Ia 4500
008
240624s9999 xx 000 0 und d
041
_a
eng
082
_a
570.285 ATT
100
_a
ATTWOOD T K
245
_a
INTRODUCTION TO BIOINFORMATICS
260
_c
2005
_a
Delhi
_b
Pearson Education
300
_a
xx, : 218 : cm. ; 25
365
_c
RS
999
_c
1836
_d
1836